000 02271nam a22004097a 4500
999 _c21840
_d21840
003 AR-CdUCM
008 190425b ||||| |||| 00| 0 spa d
040 _aMUNICIPALIDAD PROVINCIAL DEL CUSCO
_cBIBLIOTECA MUNICIPAL DEL CUSCO
082 _aRev.Andi/N°17/1991
110 _aCentro Bartolomé de Las Casas
_93293
245 _aRevista andina /
_cCentro de estudios rurales andinos Bartolomé de Las Casas Cusco
260 _aCusco :
_bCentro Bartolomé de Las Casas,
_c1991.
300 _a292 páginas. :
_c23 cm.
440 _aPublicación Semestral del Centro Bartolomé de Las Casas Cusco.
_nAño 9, Número 17, N°1, Primer semestre 1991.
_946366
500 _aAndes los años 80/90 (II)
505 _aContenido: Las mujeres son más indias etnicidad y género en una comunidad del Cusco. Marisol de la Cadena. -- Presente y futuro de la lingüística andina. Willem F. H. Adelaar. -- Lengua general y comunicación escrita cinco cartas en quechua de Cotahuasi 1616. César Itier. -- El arte colonial peruano y la bibliografía especializada de una década. 1980-1990. Concepción García Sáiz. -- Historia y etnohistoria andinas. Henrique Urbano. -- La investigación sobre la historia de los siglos XVI y XVII (Perú, 1980-1990). Gabriela Ramos, Pedro Guibovich. -- Historia económica colonial tardía el panorama bibliográfico de una década los años 80. Susana Aldana Rivera. -- La historiografía peruana sobre el siglo XIX. Nelson Manrique. -- La Historia en el Ecuador (1980-1990). Víctor Peralta Ruíz.
650 _aEtnohistoria
_92030
650 _aHistoria
_946367
650 _aHistoria del arte
_91647
650 _aArte colonial
_913403
650 _aGenero
_946368
650 _aEtnicidad
_91315
650 _aLingüística andina
_946322
650 _aComunicación escrita
_939727
700 _aDe la Cadena, Marisol
_946243
700 _aAdelaar, Willem
_946350
700 _aItier, César
_946369
700 _aGarcía Sáiz, Concepción
_946370
700 _aUrbano, Henrique
_92078
700 _aRamos, Gabriela
_93201
700 _aGuibovich, Pedro
_946371
700 _aAldana Rivera, Susana
_915593
700 _aManrique, Nelson
_92258
700 _aPeralta Ruíz, Víctor
_946372
942 _2ddc
_cPP
945 _arac